Social reform in Andhra(1848-1919) (Record no. 419558)

000 -LEADER
fixed length control field 00500cam a22001577a 4500
008 - FIXED-LENGTH DATA ELEMENTS--GENERAL INFORMATION
fixed length control field 180718b1983 xxu||||| |||| 00| 0 eng d
020 ## - INTERNATIONAL STANDARD BOOK NUMBER
International Standard Book Number 0706923499
082 ## - DEWEY DECIMAL CLASSIFICATION NUMBER
Classification number B19x5451 R141
100 ## - MAIN ENTRY--PERSONAL NAME
Personal name Ramakrishna, V
245 ## - TITLE STATEMENT
Title Social reform in Andhra(1848-1919)
Statement of responsibility, etc. by V Ramakrishna
260 ## - PUBLICATION, DISTRIBUTION, ETC.
Place of publication, distribution, etc. New Delhi
Name of publisher, distributor, etc. Vikas
Date of publication, distribution, etc. 1983
300 ## - PHYSICAL DESCRIPTION
Extent ix, 241p
650 ## - SUBJECT ADDED ENTRY--TOPICAL TERM
Topical term or geographic name entry element Andhra Pradesh (India) --Social conditions.
650 ## - SUBJECT ADDED ENTRY--TOPICAL TERM
Topical term or geographic name entry element Social reformers --India --Andhra Pradesh
650 ## - SUBJECT ADDED ENTRY--TOPICAL TERM
Topical term or geographic name entry element Veeresalingam, Kandukuri, 1848-1919
Holdings
Withdrawn status Lost status Damaged status Not for loan Permanent Location Current Location Date acquired Full call number Barcode Date last seen Price effective from Koha item type
        Indian Institute of Public Administration Indian Institute of Public Administration 2009-07-06 B19x5451 R141 59790 2018-07-21 2018-07-21 Book

Powered by Koha